000
00237nam a2200109Ia 4500
008
190216s9999||||xx |||||||||||||| ||und||
100
_a
Tandom B N
245
0
_a
Guide To Company Law
260
_b
Null
_c
1979
300
_a
360p
942
_c
BK
999
_c
5349
_d
5349